Broken Words Quiz Stats

 Plays Quiz Updated Dec 5, 2018

Challenge
Share
Tweet
Embed
Score 0/57 Timer 10:00
0 Plays Today
heading answer % Correct
Column ABob
91.1%
+ Column BIce
90.4%
Column ANow
86.1%
+ Column BLed
85.4%
Column ADisc
82.9%
+ Column BHere
82.4%
= Column CBo Bice
82.3%
Column ABobs
80.7%
= Column CBobsled
80%
Column AThou
79.8%
+ Column BLose
79.7%
= Column CNowhere
79.1%
+ Column BTeen
78.8%
+ Column BTon
78.1%
+ Column BLaughter
77.9%
= Column CThousand
77.5%
+ Column BSand
77.5%
+ Column BKing
77.5%
Column AMans
76.9%
= Column CManslaughter
76.4%
Column AOFF
73.7%
Column AThin
73.4%
Column ASprings
72.9%
= Column CDisclose
71.8%
Column ADam
71.2%
= Column CThinking
71%
= Column CSpringsteen
69.8%
Column AMust
69.6%
+ Column BTone
69.1%
heading answer % Correct
Column AMiles
68.7%
= Column CMustache
68.7%
+ Column BAche
68.7%
+ Column BEND
66.4%
= Column CMilestone
65.9%
= Column COFFEND
65.2%
+ Column BAges
62.2%
+ Column BPage
60.6%
+ Column BYes
59.7%
Column AReap
59.6%
Column ARam
59.5%
+ Column BPear
59.2%
= Column CRampage
59.1%
Column APope
59%
Column ASin
58.9%
+ Column BBad
58.1%
= Column CReappear
57.9%
+ Column BSaw
57.8%
= Column CDamages
57%
= Column CPopeye's
56.5%
+ Column BCher
56.4%
Column AWar
54.8%
= Column CSinbad
54.7%
Column AAsh
53.2%
= Column CAshton
50.9%
= Column CWarsaw
50.1%
Column AThat
44.7%
= Column CThatcher
43.1%

You're not logged in!

Compare scores with friends on all Sporcle quizzes.
OR
Log In

You Might Also Like...

Show Comments

Extras

Top Quizzes Today


Score Distribution

Your Account Isn't Verified!

In order to create a playlist on Sporcle, you need to verify the email address you used during registration. Go to your Sporcle Settings to finish the process.

Report this User

Report this user for behavior that violates our Community Guidelines.

Details: